LEADER 00920nam 2200349 450 001 990001054000203316 035 $a0105400 035 $aUSA010105400 035 $a(ALEPH)000105400USA01 035 $a0105400 100 $a20020321d1983----km-y0itay0103----ba 101 $aita 102 $aIT 105 $a||||||||001yy 200 1 $a<> Chiesa$f[scritti di] Pagé...et al. 210 $aMilano$cJaca Book$d1983 215 $a109 p$d23 cm 300 $aCommunio, 66/1982 606 0 $aChiesa$xScritti 676 $a282 702 1$aPAGÉ,$bJean-Guy 801 0$aIT$bsalbc$gISBD 912 $a990001054000203316 951 $aPERIODICO COMMUNIO 959 $aBK 969 $aUMA 979 $aPATTY$b90$c20020321$lUSA01$h1636 979 $aPATTY$b90$c20020321$lUSA01$h1636 979 $c20020403$lUSA01$h1745 979 $aPATRY$b90$c20040406$lUSA01$h1713 996 $aChiesa$9299862 997 $aUNISA LEADER 03228nam 22006134a 450 001 9910784819803321 005 20200520144314.0 010 $a1-383-02179-1 010 $a1-280-96502-9 010 $a0-19-151359-8 035 $a(CKB)1000000000409467 035 $a(EBL)422398 035 $a(OCoLC)476256837 035 $a(SSID)ssj0000103053 035 $a(PQKBManifestationID)11122630 035 $a(PQKBTitleCode)TC0000103053 035 $a(PQKBWorkID)10060436 035 $a(PQKB)11594753 035 $a(Au-PeEL)EBL422398 035 $a(CaPaEBR)ebr10177932 035 $a(CaONFJC)MIL96502 035 $a(PPN)181482355 035 $a(MiAaPQ)EBC422398 035 $a(EXLCZ)991000000000409467 100 $a20051001d2006 uy 0 101 0 $aeng 135 $aur|n|---||||| 181 $ctxt 182 $cc 183 $acr 200 10$aAnalytical mechanics$b[electronic resource] $ean introduction /$fAntonio Fasano, Stefano Marmi ; translated by Beatrice Pelloni 210 $aOxford ;$aNew York $cOxford University Press$dc2006 215 $a1 online resource (788 p.) 225 1 $aOxford graduate texts 300 $aSeries statement from jacket. 311 $a0-19-967385-3 311 $a0-19-850802-6 320 $aIncludes bibliographical references (p. [749]-758) and index. 327 $aContents; 1 Geometric and kinematic foundations of Lagrangian mechanics; 2 Dynamics: general laws and the dynamics of a point particle; 3 One-dimensional motion; 4 The dynamics of discrete systems. Lagrangian formalism; 5 Motion in a central field; 6 Rigid bodies: geometry and kinematics; 7 The mechanics of rigid bodies: dynamics; 8 Analytical mechanics: Hamiltonian formalism; 9 Analytical mechanics: variational principles; 10 Analytical mechanics: canonical formalism; 11 Analytic mechanics: Hamilton-Jacobi theory and integrability; 12 Analytical mechanics: canonical perturbation theory 327 $a13 Analytical mechanics: an introduction to ergodic theory and to chaotic motion14 Statistical mechanics: kinetic theory; 15 Statistical mechanics: Gibbs sets; 16 Lagrangian formalism in continuum mechanics; Appendices; Bibliography; Index 330 $aIs the solar system stable? Is there a unifying 'economy' principle in mechanics? How can a pointmass be described as a 'wave'? This book offers students an understanding of the most relevant and far reaching results of the theory of Analytical Mechanics, including plenty of examples, exercises, and solved problems. - ;Analytical Mechanics is the investigation of motion with the rigorous tools of mathematics. Rooted in the works of Lagrange, Euler, Poincar--eacute--; (to mention just a few), it is a very classical subject with fascinating developments and still rich of open problems. It addres 410 0$aOxford graduate texts. 606 $aMechanics, Analytic 615 0$aMechanics, Analytic. 676 $a531.01/515 700 $aFasano$b A$g(Antonio)$040516 701 $aMarmi$b S$g(Stefano),$f1963-$042049 801 0$bMiAaPQ 801 1$bMiAaPQ 801 2$bMiAaPQ 906 $aBOOK 912 $a9910784819803321 996 $aAnalytical mechanics$91418763 997 $aUNINA